000 01100nam a2200241 a 4500
001 57099
003 BD-RjUL
005 20211209080452.0
008 161206s2001 bg ||||| |||| 00| 0 ben d
035 _a(BD-RjUL) 57223
040 _aBD-RjUL
_bben
_cBD-RjUL
041 _aben
082 _223
_a297.77
_bALM 2001
100 _aআল মুসলিহ, আবদুল্লাহ
_9169633
245 _aমুসলমানকে যা জানতেই হবে /
_cআবদুল্লাহ আল মুসলিহ ; সালাহ আস্‌সাবী ; কামালুদ্দীন জাফরী
260 _aঢাকা :
_bজামেয়া কাসেমিয়া প্রকাশনী,
_c২০০১.
300 _a৩৬৪ পৃ. ;
_c২১ সেমি.
650 _aইসলামিক ধর্মীয় শিক্ষা
_9124907
650 _aIslamic religious education
_9119505
700 _aআস্‌সাবী, সালাহ
_9169634
700 _aজাফরী, কামালুদ্দীন
_9169635
942 _2ddc
_cBK
999 _c57099
_d57099